• 首页
  • 本馆介绍
  • 公告通知
  • 最新文献
  • 馆藏检索
  • 电子资源
  • 读者导购
  • 参考咨询
  • 我的图书馆
  • 登录
  • 详细信息显示
  • 放入我的书架
  • 预约/预借图书
  • 作者相关作品
  • 分类相关作品
  • 丛书相关作品
  • 出版社相关作品

书目信息

  • 表格格式
  • 工作单格式
  • 卡片格式
题名:
表演艺术论
    
 
作者: ;表演艺术论编辑组 编
分册:  
出版信息: 上海   华东师范大学出版社  1981
页数: 252页
开本: 19cm
丛书名: 戏剧艺术丛书
单 册:
中图分类: J81
科图分类:
主题词: 戏剧--舞台艺术
电子资源:
ISBN:
000 00541nam0 2200193 45
001 0312221749
005 20060819164057.09
010    @dCNY0.92
100    @a20031222d1981 km y0chiy0120 ea
101    @achi
200 1  @a表演艺术论@ABiao Yan Yi Shu Lun@f表演艺术论编辑组编@FBiao Yan Yi Shu Lun Bian Ji Zu Bian
210    @a上海@c华东师范大学出版社@d1981
215    @a252页@c剧照@d19cm
225 2  @a戏剧艺术丛书
606 0  @a戏剧@x舞台艺术
690    @aJ81@v3
711 02 @a表演艺术论编辑组@4编
801    @aCN@bTSTCL@c20060819
905    @dJ81@e6
    
    表演艺术论/表演艺术论编辑组编.-上海:华东师范大学出版社,1981
    252页:剧照;19cm.-(戏剧艺术丛书)
    
    
    ISBN :CNY0.92
    
●
相关链接 在E读中查询图书 在五车中查询图书 在当当中查询图书 在豆瓣中查询图书


正题名:表演艺术论     索取号:J81/6         预约/预借

序号 登录号 条形码 馆藏地/架位号 状态 备注
1 0052347   001224106   第一借阅区/ [索取号:J81/6] 在馆    
2 0052348   001224053   密集书库/ [索取号:J81/6] 在馆    
3 0052349   001657950   密集书库/ [索取号:J81/6] 在馆    
4 0466970   204669705   密集书库/ [索取号:J81/6] 在馆    
唐山师范学院图书馆 欢迎您!
大连网信软件有限公司© 版权所有